Personagens Bíblicos (Fácil) - Statistics

Estatísticas Gerais
  • Esse quiz foi jogado 430 vezes
  • A pontuação média é 14 de 15
Estatísticas das Respostas
Dica Letra inicial Personagem % Correto
Primeiro homem A Adão
100%
Primeira mulher E Eva
100%
A mãe virgem do acima M Maria
100%
O Filho de Deus, morto na cruz J Jesus
99%
O apóstolo traidor J Judas
99%
Construiu uma grande arca N Noé
99%
Guiou os hebreus para fora do Egito M Moisés
98%
Derrotou Golias D Davi
97%
Primeiro assassino C Caim
95%
Sua força estava em seus cabelos S Sansão
94%
Primeira vítima de assassinato A Abel
93%
Vendido como escravo, tornou-se governador do Egito J José
90%
O mais sábio dos reis S Salomão
90%
O primeiro patriarca, o pai da fé A Abraão
89%
Foi atirado na cova dos leões D Daniel
85%
Nenhum quiz correspondente encontrado
Distribuição das Pontuações
Porcentagem de Pessoas com Cada Pontuação
Percentil de Números Respondidos
Sua Pontuação Histórica
Você não jogou esse quiz